[Event "Canadian op U2000"]
[Site "Windsor"]
[Date "2016.07.17"]
[Round "9.28"]
[White "Doknjas, Neil"]
[Black "Zhou, Lily"]
[Result "1-0"]
[WhiteElo "1867"]
[BlackElo "1768"]
[PlyCount "153"]
[EventDate "2016.07.10"]
[EventType "swiss"]
[EventRounds "9"]
[EventCountry "CAN"]
[SourceTitle "EXT 2022"]
[Source "ChessBase"]
[SourceDate "2021.10.06"]
[SourceVersion "1"]
[SourceVersionDate "2021.10.06"]
[SourceQuality "1"]

1. e4 c5 2. Nf3 Nc6 3. d4 cxd4 4. Nxd4 Nf6 5. Nc3 g6 6. Be3 Bg7 7. Nxc6 bxc6 8. e5 Ng8 9. Bd4 Nh6 10. e6 0-0 11. Bxg7 Kxg7 12. exd7 Bxd7 13. Qd4+ Kg8 14. 0-0-0 Bg4 15. f3 Qxd4 16. Rxd4 Be6 17. g4 Rfd8 18. Re4 Rd7 19. Bc4 Bxc4 20. Rxc4 Rc8 21. Rd1 Rxd1+ 22. Kxd1 f6 23. Ke2 Nf7 24. b4 Nd6 25. Rc5 Nb7 26. Rc4 Nd6 27. Rd4 Kf7 28. Na4 Nb5 29. Rd3 Rc7 30. Nc5 e5 31. Nb3 Na3 32. Rc3 Ke7 33. Na5 Nb5 34. Rc5 Nd4+ 35. Ke3 Kd7 36. a4 Rc8 37. Rc3 Rc7 38. f4 a6 39. fxe5 fxe5 40. Nc4 Ke6 41. Nb2 Rf7 42. Nd3 Kd6 43. Ke4 Nf3 44. h4 Nd2+ 45. Ke3 Nf1+ 46. Ke2 Ng3+ 47. Ke3 Nf1+ 48. Ke2 Ng3+ 49. Kd1 Ne4 50. Rxc6+ Kxc6 51. Nxe5+ Kd5 52. Nxf7 Kc4 53. b5 axb5 54. axb5 Kxb5 55. Ke2 Kc4 56. Ng5 Nf6 57. Kf3 Kc3 58. Ne4+ Nxe4 59. Kxe4 Kxc2 60. g5 Kd2 61. Ke5 Ke3 62. Kf6 Kf4 63. Kg7 Kg4 64. Kxh7 Kh5 65. Kg7 Kxh4 66. Kxg6 Kg4 67. Kf6 Kf4 68. g6 Ke4 69. g7 Kd4 70. g8Q Ke4 71. Qc4+ Ke3 72. Kf5 Kf3 73. Qd3+ Kf2 74. Kg4 Kg2 75. Qd2+ Kf1 76. Kg3 Kg1 77. Qd1# 1-0

[Event "Canadian op U2000"]
[Site "Windsor"]
[Date "2016.07.15"]
[Round "6.36"]
[White "Zhou, Lily"]
[Black "Einarsson, Ken"]
[Result "1-0"]
[WhiteElo "1768"]
[BlackElo "1780"]
[PlyCount "77"]
[EventDate "2016.07.10"]
[EventType "swiss"]
[EventRounds "9"]
[EventCountry "CAN"]
[SourceTitle "EXT 2022"]
[Source "ChessBase"]
[SourceDate "2021.10.06"]
[SourceVersion "1"]
[SourceVersionDate "2021.10.06"]
[SourceQuality "1"]

1. d4 d5 2. c4 e6 3. Nf3 Nf6 4. e3 Be7 5. b3 Nbd7 6. Bb2 b6 7. Bd3 Bb7 8. 0-0 0-0 9. Nbd2 c5 10. Qe2 Rc8 11. Ne5 cxd4 12. Nxd7 Qxd7 13. Bxd4 dxc4 14. Nxc4 Qd5 15. f3 h6 16. Rad1 Qc6 17. Bxf6 Bxf6 18. Be4 Qc7 19. Bxb7 Qxb7 20. Nd6 Qc7 21. Nxc8 Qxc8 22. Rc1 Qb7 23. Rc2 Be7 24. Rfc1 Qb8 25. Rd1 Bb4 26. Rc4 Bd6 27. g3 a5 28. Rcd4 Bc5 29. Rd7 Qe5 30. Kf2 Qh5 31. Kg2 Qg5 32. e4 Rc8 33. Qd3 e5 34. Rd8+ Rxd8 35. Qxd8+ Qxd8 36. Rxd8+ Kh7 37. Rd7 Kg6 38. f4 Bd4 39. Rd6+ 1-0

[Event "Canadian op U2000"]
[Site "Windsor"]
[Date "2016.07.11"]
[Round "2.40"]
[White "Zhou, Lily"]
[Black "Faust, Steven"]
[Result "1/2-1/2"]
[WhiteElo "1768"]
[BlackElo "1613"]
[PlyCount "64"]
[EventDate "2016.07.10"]
[EventType "swiss"]
[EventRounds "9"]
[EventCountry "CAN"]
[SourceTitle "EXT 2022"]
[Source "ChessBase"]
[SourceDate "2021.10.06"]
[SourceVersion "1"]
[SourceVersionDate "2021.10.06"]
[SourceQuality "1"]

1. d4 Nf6 2. Nf3 e6 3. e3 b6 4. Bd3 Bb7 5. Nbd2 d5 6. b3 Ba6 7. Bb2 Bxd3 8. cxd3 c5 9. 0-0 cxd4 10. Bxd4 Be7 11. Rc1 0-0 12. Be5 Bd6 13. Qe2 Bxe5 14. Nxe5 Nfd7 15. Ndf3 Nxe5 16. Nxe5 f6 17. Nc6 Nxc6 18. Rxc6 Qd7 19. Rfc1 Rac8 20. Qc2 Rxc6 21. Qxc6 Rd8 22. d4 Kf7 23. Qc7 Ke7 24. Qg3 Kf8 25. Rc7 Rc8 26. Rxc8+ Qxc8 27. h3 Qd7 28. Qb8+ Kf7 29. Qh8 h6 30. Qb8 Ke7 31. Qg8 Kd6 32. Qf8+ Qe7 1/2-1/2

[Event "Canadian op U2000"]
[Site "Windsor"]
[Date "2016.07.10"]
[Round "1.24"]
[White "Zhou, Aiden"]
[Black "Zhou, Lily"]
[Result "1-0"]
[WhiteElo "1847"]
[BlackElo "1240"]
[PlyCount "83"]
[EventDate "2016.07.10"]
[EventType "swiss"]
[EventRounds "9"]
[EventCountry "CAN"]
[SourceTitle "EXT 2022"]
[Source "ChessBase"]
[SourceDate "2021.10.06"]
[SourceVersion "1"]
[SourceVersionDate "2021.10.06"]
[SourceQuality "1"]

1. d4 d5 2. Bf4 Nf6 3. e3 c5 4. c3 Nc6 5. Nf3 Bg4 6. Bd3 e6 7. Nbd2 Be7 8. h3 Bh5 9. 0-0 0-0 10. Be2 Nd7 11. Bh2 f6 12. dxc5 Bxc5 13. b4 Bb6 14. b5 Ne7 15. Nd4 Bf7 16. N4b3 e5 17. Rc1 Rc8 18. c4 Nc5 19. Nxc5 Bxc5 20. cxd5 Nxd5 21. Nc4 Nb6 22. Qxd8 Rfxd8 23. Na5 Bb4 24. Nxb7 Bd5 25. Nxd8 Rxd8 26. Rfd1 Rd7 27. e4 Bxa2 28. Rxd7 Nxd7 29. Bc4+ Bxc4 30. Rxc4 Bc5 31. Kf1 Bd4 32. f3 Nb6 33. Rc7 Na4 34. Bg1 Nc3 35. Rb7 h6 36. Bxd4 exd4 37. Ke1 d3 38. Kd2 Ne2 39. Rxa7 Nd4 40. b6 Nc6 41. Rc7 Na5 42. Kxd3 1-0

[Event "CAN-ch U14 Girls"]
[Site "Windsor"]
[Date "2015.07.07"]
[Round "3.44"]
[White "Zhou, Lily"]
[Black "Ouellet, Maili Jade"]
[Result "1-0"]
[WhiteElo "1766"]
[BlackElo "1931"]
[PlyCount "67"]
[EventDate "2015.07.06"]
[EventType "swiss"]
[EventRounds "7"]
[EventCountry "CAN"]
[SourceTitle "EXT 2022"]
[Source "ChessBase"]
[SourceDate "2021.10.06"]
[SourceVersion "1"]
[SourceVersionDate "2021.10.06"]
[SourceQuality "1"]

1. d4 d5 2. Nf3 Nf6 3. e3 e6 4. Bd3 Bd6 5. b3 0-0 6. Bb2 c6 7. 0-0 Qc7 8. Ne5 Nbd7 9. f4 Re8 10. Nd2 Nf8 11. Rf3 b6 12. Rh3 Bb7 13. Qe2 a6 14. Rf1 c5 15. Rg3 Ng6 16. Ndf3 b5 17. Ng5 c4 18. Bxg6 fxg6 19. Ng4 a5 20. Rh3 Re7 21. Ne5 Bc6 22. Qf2 Be8 23. Nxh7 Nxh7 24. Qh4 Rd7 25. Qxh7+ Kf8 26. Nxd7+ Qxd7 27. Qh8+ Kf7 28. bxc4 bxc4 29. Rh7 Kf6 30. e4 dxe4 31. d5+ Kf5 32. Rxg7 Bc5+ 33. Kh1 e3 34. Rxd7 1-0

[Event "Toronto NAYCC U12 Girls"]
[Site "Toronto"]
[Date "2013.08.17"]
[Round "7"]
[White "Zhou, Lily"]
[Black "Palakollu, Samritha"]
[Result "0-1"]
[WhiteElo "1643"]
[BlackElo "1761"]
[PlyCount "206"]
[EventDate "2013.08.14"]
[EventType "swiss"]
[EventRounds "9"]
[EventCountry "CAN"]
[SourceTitle "EXT 2022"]
[Source "ChessBase"]
[SourceDate "2021.10.06"]
[SourceVersion "1"]
[SourceVersionDate "2021.10.06"]
[SourceQuality "1"]

1. d4 Nf6 2. Bg5 d5 3. Bxf6 exf6 4. e3 Bf5 5. c4 Bxb1 6. Qa4+ Qd7 7. Qxd7+ Nxd7 8. Rxb1 Bb4+ 9. Kd1 dxc4 10. Bxc4 0-0 11. Ne2 Rad8 12. a3 Ba5 13. b4 Bb6 14. Kc2 c6 15. Nc3 Bc7 16. Rb2 b6 17. Kb1 c5 18. Nb5 Bb8 19. h3 cxd4 20. Nxd4 Be5 21. Rd2 Bxd4 22. Rxd4 Ne5 23. Rhd1 Rxd4 24. Rxd4 g5 25. Bb3 Re8 26. h4 h5 27. Bd1 g4 28. Rf4 Kg7 29. Rf5 Rc8 30. Be2 Kg6 31. Rf4 Kg7 32. Rf5 Rd8 33. Kc2 Rc8+ 34. Kb1 g3 35. fxg3 Rc3 36. Bxh5 Rxe3 37. Bf3 Rxa3 38. Rf4 Nd3 39. Rd4 Ne1 40. Rg4+ Kh6 41. Bd5 Rd3 42. Bxf7 Nxg2 43. Rg6+ Kh7 44. Rg4 Rd1+ 45. Kb2 Ne3 46. Rf4 Kg7 47. Bh5 Rg1 48. g4 Rg2+ 49. Kb3 Rg3 50. Kb2 Rg2+ 51. Kc1 Rc2+ 52. Kb1 Rc4 53. Rxc4 Nxc4 54. g5 fxg5 55. hxg5 Nd6 56. Kc2 Nf7 57. g6 Ne5 58. Kb3 Nxg6 59. Ka4 Nf4 60. Bf3 Ne6 61. Bd5 Nc7 62. Bc6 Kf6 63. b5 Ke6 64. Kb4 Kd6 65. Bb7 Ne6 66. Bg2 Ke5 67. Kc4 Nc5 68. Bf1 Ne4 69. Kb4 Kd4 70. Bg2 Nc5 71. Bf1 Nd3+ 72. Ka4 Kc3 73. Ka3 Nb2 74. Be2 Nc4+ 75. Ka4 Nd6 76. Bf1 Ne4 77. Be2 Kd4 78. Kb4 Nc3 79. Bf1 Nd5+ 80. Ka4 Kc5 81. Bd3 Nc3+ 82. Kb3 Nxb5 83. Bf1 Nd4+ 84. Ka3 b5 85. Bd3 a5 86. Bh7 Kc4 87. Bg8+ Kc3 88. Ka2 b4 89. Kb1 a4 90. Bh7 a3 91. Ka1 Nc2+ 92. Kb1 b3 93. Kc1 b2+ 94. Kb1 Nb4 95. Bg8 a2+ 96. Bxa2 Nxa2 97. Kxa2 Kc2 98. Ka3 b1Q 99. Ka4 Kc3 100. Ka5 Kc4 101. Ka6 Kc5 102. Ka7 Kc6 103. Ka8 Qb7# 0-1

[Event "CAN-ch U12 Girls"]
[Site "Ottawa"]
[Date "2013.07.11"]
[Round "4"]
[White "Ouellet, Maili Jade"]
[Black "Zhou, Lily"]
[Result "1-0"]
[WhiteElo "1632"]
[BlackElo "1683"]
[PlyCount "141"]
[EventDate "2013.07.10"]
[EventType "swiss"]
[EventRounds "6"]
[EventCountry "CAN"]
[SourceTitle "EXT 2022"]
[Source "ChessBase"]
[SourceDate "2021.10.06"]
[SourceVersion "1"]
[SourceVersionDate "2021.10.06"]
[SourceQuality "1"]

1. d4 d5 2. c4 e6 3. Nc3 Nf6 4. Bg5 Be7 5. e3 Nbd7 6. Nf3 0-0 7. cxd5 exd5 8. Bd3 c6 9. Qc2 Re8 10. 0-0 h6 11. Bf4 Nf8 12. Rab1 a5 13. a3 Ne6 14. Bg3 b5 15. Ne5 Bb7 16. Ne2 Rc8 17. Nf4 Nd7 18. Nxf7 Qb6 19. Nxe6 Kxf7 20. Bg6+ Kg8 21. Bxe8 Nf8 22. Bg6 Nxe6 23. Qf5 Ng5 24. h4 Rf8 25. Qd7 Bf6 26. hxg5 Bc8 27. Qc7 Qxc7 28. Bxc7 Bxg5 29. Bxa5 Bd7 30. Rbc1 Be7 31. Bb6 Rf6 32. Bd3 h5 33. Bc5 Bd8 34. b3 h4 35. a4 h3 36. gxh3 Bxh3 37. Rfd1 Rh6 38. f3 Bg5 39. f4 Bh4 40. axb5 Bg4 41. Rd2 Bg3 42. Rf1 cxb5 43. Bxb5 Re6 44. Be2 Bf5 45. Rf3 Rg6 46. Rxg3 Rxg3+ 47. Kf2 Rh3 48. Bf3 Rh2+ 49. Ke1 Rh3 50. Bxd5+ Kh8 51. e4 Rh1+ 52. Ke2 Bh3 53. e5 Bf1+ 54. Kf3 Rh3+ 55. Ke4 Rg3 56. e6 Bg2+ 57. Ke5 Re3+ 58. Kd6 Bh3 59. e7 g5 60. fxg5 Bf5 61. Bf7 Bg6 62. Bxg6 Rxe7 63. Kxe7 Kg7 64. Bf7 Kh8 65. Kf8 Kh7 66. g6+ Kh6 67. Rg2 Kh5 68. g7+ Kh6 69. Rg6+ Kh5 70. g8Q Kh4 71. Qh8# 1-0